Factibilidad técnica-económica de una planta para la producción de propil y metil parabeno
Gespeichert in:
| 1. Verfasser: | |
|---|---|
| Format: | Buch |
| Veröffentlicht: |
San José, Costa Rica
2008
|
| Schlagworte: | |
| Tags: |
Tag hinzufügen
Keine Tags, Fügen Sie den ersten Tag hinzu!
|
MARC
| LEADER | 00000nam a2200000Ia 4500 | ||
|---|---|---|---|
| 003 | 010313 | ||
| 005 | 20221231144102.0 | ||
| 008 | 140114s2008 cr a 000 ||s d | ||
| 040 | |c cru CEDI | ||
| 090 | |a TFG 5575 | ||
| 100 | |a Le Roy Fernández, Hugo |9 4533 | ||
| 245 | |a Factibilidad técnica-económica de una planta para la producción de propil y metil parabeno | ||
| 260 | |c 2008 |b San José, Costa Rica | ||
| 300 | |a x, 72 hojas; ilustraciones | ||
| 500 | |a Proyecto de graduación (licenciatura en ingeniería química)--Universidad de Costa Rica. Facultad de Ingeniería. Escuela de Ingeniería Química | ||
| 650 | |x PRESERVATIVOS DE ALIMENTOS |x PRODUCCION |x ALIMENTOS |x CONSERVACION |x COMPUESTOS ORGANICOS |x ANALISIS |9 4534 | ||
| 942 | |c TFG | ||
| 999 | |c 16686 |d 16686 | ||
